| 000 | 00830nam a2200181Ia 4500 | ||
|---|---|---|---|
| 008 | 100921s9999 xx 000 0 und d | ||
| 082 |
_b33792 _a891.462041 थ 98 |
||
| 100 | _aप्रभावळकर दिलिप. | ||
| 245 | _aदिलिप प्रभावळकरांच्या एकांकिका-3. | ||
| 260 |
_bभारद्वाज प्रकाशन, पुणे. _c1998 |
||
| 300 |
_a56 _bजयेश एजन्सी,पुणे. |
||
| 365 | _b35 | ||
| 520 | _aललित-एकांकिका. | ||
| 630 | _aदिलिप प्रभावळकरांच्या एकांकिका-3. | ||
| 650 | _aललित-एकांकिका. | ||
| 730 | _aदिलिप प्रभावळकरांच्या एकांकिका-3. | ||
| 942 | _cBOOK | ||
| 999 |
_c782905 _d782902 |
||